000 00267nam a2200121Ia 4500
008 190216s9999||||xx |||||||||||||| ||und||
100 _aDavid M Bonner
245 0 _aHeredity
260 _bPrentice Hall India
_c1963
300 _a106p
650 _aBotany
942 _cBK
999 _c1063
_d1063